Essentials of management / (Record no. 2994)
[ view plain ]
| 000 -LEADER | |
|---|---|
| fixed length control field | 01272cam a22001694a 4500 |
| 020 ## - INTERNATIONAL STANDARD BOOK NUMBER | |
| ISBN | 0324114672 |
| 050 00 - CALL NUMBER | |
| Classification number | HD31 |
| Item number | .D85 |
| 100 1# - AUTHOR | |
| Personal name | DuBrin, Andrew J. |
| 245 10 - TITLE | |
| Title | Essentials of management / |
| Statement of responsibility, etc | Andrew J. DuBrin. |
| 250 ## - EDITION | |
| Edition statement | 6th ed. |
| 260 ## - PUBLICATION INFORMATION | |
| Place of publication | Mason, Ohio : |
| Name of publisher | South-Western/Thomson Learning, |
| Year of publication | 2003. |
| 300 ## - DESCRIPTION | |
| Number of Pages | xx, 517 p. : |
| Other physical details | ill. (some col) ; |
| Dimensions | 25 cm. |
| 500 ## - NOTES | |
| General note | Includes index |
| 505 ## - FORMATTED CONTENTS NOTE | |
| Table of Content | Chapter 1. The Manager's Job --<br/>Chapter 2. The Manager's Domestic and International Environment --<br/>Chapter 3. Ethics and Social Responsibility --<br/>Chapter 4. Managing for Quality --<br/>Chapter 5. Essentials of Planning --<br/>Chapter 6. Problem Solving and Decision Making --<br/>Chapter 7. Specialized Techniques for Planning and Decision Making --<br/>Chapter 8. Job Design and Work Schedules --<br/>Chapter 9. Organization Structure, Reengineering, and Culture --<br/>Chapter 10. Staffing and Human Resource Management --<br/>Chapter 11. Leadership --<br/>Chapter 12. Motivation --<br/>Chapter 13. Communication --<br/>Chapter 14. Teams, Groups, and Teamwork --<br/>Chapter 15. Control and Information Technology --<br/>Chapter 16. Managing Ineffective Performers --<br/>Chapter 17. Managing Change, Personal Productivity, and Stress --<br/>Glossary --<br/>Index. |
| 650 #0 - SUBJECTS | |
| Topical Term | Management. |
| 942 ## - ADDED ENTRY ELEMENTS (KOHA) | |
| Koha item type | Books |
| Withdrawn status | Lost status | Collection code | Home library | Current library | Shelving location | Date acquired | Full call number | Accession Number | Koha item type |
|---|---|---|---|---|---|---|---|---|---|
| Reference | Methodist University Library Main | Methodist University Library Main | General Stacks | 01/03/2005 | HD31 .D85 | 37687 | Books |